000 00954nam a22002898i 4500
999 _c1785
_d1785
001 020923489
003 UkOxU
005 20230127105340.0
008 170329s2017 enka j 6 000|f|eng|d
015 _aGBB775764
_2bnb
016 7 _a018330790
_2Uk
020 _a9781407140391
_qpaperback
035 _a(Uk)018330790
040 _aStDuBDS
_beng
_erda
_cStDuBDS
_dUkOxU
_dKH8
082 0 4 _a741.5 PIL
_223
100 1 _aPilkey, Dav,
_d1966-
_eauthor,
_eartist.
245 1 0 _aDog Man /
_cwritten and illustrated by Dav Pilkey as George Beard and Harold Hutchins, with color by Jose Garibaldi.
263 _a201707
264 1 _aLondon :
_bScholastic,
_c2017.
300 _a1 volume :
_bchiefly illustrations (black and white)
336 _atext
_2rdacontent
336 _astill image
_2rdacontent
337 _aunmediated
_2rdamedia
338 _avolume
_2rdacarrier
655 7 _aChildren's stories
_vComic books, strips, etc.
_2gsafd
942 _2ddc
_cNFIC